Statistiken für Länder, die Usbekistan am nächsten liegen - 1 Minuten Sprint

Klicken Sie hier um das Quiz zu spielen!

Allgemein

  • Dieses Quiz wurde 66 mal gespielt
  • Das Durchschnittsergebnis liegt bei 15 aus 20

Antwortstatistiken

kmLand% Korrekt
0Turkmenistan
98%
524Russland
96%
0Kasachstan
93%
0Tadschikistan
93%
0Kirgisistan
91%
0Afghanistan
89%
330Pakistan
89%
108China
88%
329Iran
86%
821Armenien
82%
617Indien
82%
1039Irak
82%
774Georgien
77%
484Aserbaidschan
75%
1466Nepal
64%
1517Mongolei
63%
964Türkei
63%
1260Syrien
52%
1442Kuwait
39%
1543Oman
16%

Verteilung der Resultate

Perzentil nach korrekt beantworteten Fragen

Anzahl Personen mit jedem Resultat

Ihre Resultats-Entwicklung

Sie haben dieses Quiz noch nicht gespielt